Stadiony w Polsce - Statystyki

Ogólne statystyki
  • Ten quiz został rozwiązany 824 razy
    632 od ostatniego zresetowania
  • Średni wynik to 31 z 50
Statystyki odpowiedzi
Stadion Pojemność Klub % Poprawnych
Stadion Wojska Polskiego 31 103 Legia Warszawa
96%
Arena Zabrze 24 563 Górnik Zabrze
90%
Tarczyński Arena 42 771 Śląsk Wrocław
89%
Polsat Plus Arena 41 620 Lechia Gdańsk
88%
Enea Stadion 42 837 Lech Poznań
88%
Stadion Miejski w Łodzi 18 018 Widzew Łódź
85%
Stadion Cracovii im. Józefa Piłsudskiego 15 016 Cracovia
83%
Stadion Miejski w Gdyni 15 139 Arka Gdynia
81%
Arena Lublin 15 247 Motor Lublin
80%
Miejski Stadion Piłkarski Raków 5 500 Raków Częstochowa
79%
Stadion Miejski w Mielcu 7 000 Stal Mielec
79%
KGHM Zagłębie Arena 16 086 Zagłębie Lubin
79%
Stadion Miejski w Białymstoku 22 372 Jagiellonia Białystok
78%
Stadion Miejski im. Henryka Reymana 33 130 Wisła Kraków
77%
Stadion Miejski w Katowicach 6 710 GKS Katowice
76%
Stadion Miejski Stal w Rzeszowie 11 547 Stal Rzeszów
76%
Stadion Miejski Tychy 15 150 GKS Tychy
74%
Stadion im. Floriana Krygiera 21 163 Pogoń Szczecin
74%
Stadion Śląski 54 378 Ruch Chorzów
73%
Stadion Miejski im. Władysława Króla 18 029 ŁKS Łódź
71%
Suzuki Arena 15 500 Korona Kielce
68%
Stadion Miejski "Odra" 3 300 Odra Opole
68%
Stadion Piłkarski MZOS "Znicz" w Pruszkowie 2 097 Znicz Pruszków
67%
Stadion Miejski im. Orła Białego w Legnicy 6 156 Miedź Legnica
65%
Stadion Polonii Bytom 1 175 Polonia Bytom
64%
Stadion Narodowy 58 274 Reprezentacja Polski
64%
Stadion Wieczystej Kraków 2 000 Wieczysta Kraków
64%
Stadion Chrobrego Głogów 2 817 Chrobry Głogów
62%
Stadion Agencji Rozwoju Miasta Siedlce 2 901 Pogoń Siedlce
59%
ORLEN Stadion im. Kazimierza Górskiego 15 004 Wisła Płock
59%
Stadion Miejski w Kaliszu 8 166 KKS Kalisz
56%
Stadion Pogoni Grodzisk Mazowiecki 1 000 Pogoń Grodzisk Mazowiecki
55%
Stadion Miejski Chojniczanka 1930 3 000 Chojniczanka Chojnice
53%
Stadion Miejski Stal w Rzeszowie 11 547 Resovia Rzeszów
53%
ArcelorMittal Park 11 600 Zagłębie Sosnowiec
51%
Stadion GKS Górnik 7 500 Górnik Łęczna
50%
Stadion Miejski im. Piotra Wieczorka 9 913 Piast Gliwice
48%
Stadion Miejski BBOSiR w Bielsku-Białej 14 963 Podbeskidzie Bielsko-Biała
48%
Stadion im. Braci Czachorów 8 840 Radomiak Radom
48%
Stadion Miejski w Elblągu 3 000 Olimpia Elbląg
46%
Stadion Dyskobolii Grodzisk Wielkopolski 5 383 Warta Poznań
46%
Stadion MOSiR Puławy 4 300 Wisła Puławy
45%
Stadion im. gen. Kazimierza Sosnkowskiego 7 152 Polonia Warszawa
43%
Arena Radunia 950 Radunia Stężyca
33%
Stadion Miejski w Jastrzębiu-Zdroju 5 500 GKS Jastrzębie-Zdrój
31%
Podkarpackie Centrum Piłki Nożnej 3 764 Stal Stalowa Wola
27%
Stadion Miejski im. Sebastiana Karpiniuka 3 014 Kotwica Kołobrzeg
24%
Stadion Miejski Suche Stawy 1 669 Hutnik Kraków
22%
Stadion Sportowy Bruk-Bet Termalica 4 653 Termalica Bruk-Bet Nieciecza
15%
Stadion Miejski im. Bronisława Malinowskiego 5 323 Olimpia Grudziądz
10%
Nie znaleziono quizów pasujących do podanych kryteriów
Rozkład punktacji
Procent ludzi z każdym wynikiem
Percentyl według liczby udzielonych odpowiedzi
Twoja historia wyników
Nie rozwiązałeś tego quizu od ostatniego zresetowania